1056 1739 1245 1156 1868 1382 1545 1008 1022 1941 1279 1382 1669 1805 1808 1136 1396 1535 1346 1792 1053 1712 1370 1162 1333 1666 1410 1478 1784 1312 1390 1454 1325 1428 1679 1886 1393 1330 1316 1156 1597 1262 1870 1086 1023 1244 1848 1199 1686 1844 1847 1097 1326 1002 1922 1292 1983 1526 1295 1506 1010 1732 1447 1031 1559 1497 1605 1645 1022 1573 1807 1462 1420 1642 1600 1034 1897 1469 1699 1476 1376 1663 1568 1911 1955 1534 1348 1551 1985 1485 1340 1195 1286 1581 1166 1243 1030 1523 1213 BCNSPRNW ULIB Ver.6.0+V

เปลี่ยนเป็นภาษาไทย

Change to English
 แสดงรายละเอียดบรรณานุกรม
  กลับหน้าหลัก

Brief Record : Get Marc (ISO 2709) : E-mail record : QR code < ปิดหน้าต่าง
LEADER : 00000nam 2200000uu 4500
001    13399124201
003     ULIB
008    150127s2556||||th 000 0 tha d
020    ^a9786161113506
060  4 ^aWS200^bส111N
110    ^aสมาคมเพื่อเด็กพิการแต่กำเนิด
245    ^aNATIONAL FORUM ON BIRTH DEFECTS AND DISABILITIES ครั้งที่5/^cสมาคมเพื่อเด็กพิการแต่กำเนิด
260    ^aกรุงเทพฯ :^bสมาคมเพื่อเด็กพิการแต่กำเนิด,^c2556
300    ^a163 หน้า;^b29.5 ซม.
650    ^aเวชพันธุศาสตร์
650    ^aโรคพันธุกรรม
945    ^p300^l0^i038962
945    ^p300^l0^i038963
945    ^p300^l0^i038964
945    ^p300^l0^i038965
945    ^p300^l0^i038966
945    ^p300^l0^i038967
945    ^p300^l0^i038968
999    ^aเกษร โพธิ์สุวรรณ
รายการนี้ยังไม่มีแท็ก
คุณยังไม่ได้ล็อกอิน คุณสามารถมีกิจกรรมร่วมกับเว็บไซต์ได้ แต่ต้องล็อกอินก่อน ::
  ล็อกอิน

รายการสื่อสารสนเทศ

ลำดับที่ ประเภท เลขเรียก/บาร์โค้ด สถานที่ สถานะ
1. วิทยาศาสตร์การแพทย์ และสุขภาพ
หนังสือสำรอง
สถานะ=หนังสือสำรอง
WS200 ส111N ฉ.1 
  Barcode: 038962
ห้องสมุดวิทยาเขตสวรรค์ประชารักษ์
►ส่วนจัดเก็บหนังสือเก่า สปร
บนชั้น
  ขอยืม
2. วิทยาศาสตร์การแพทย์ และสุขภาพ
วิทยาศาสตร์การแพทย์ และสุขภาพ
WS200 ส111N ฉ.2 
  Barcode: 038963
ห้องสมุดวิทยาเขตสวรรค์ประชารักษ์
►ส่วนจัดเก็บหนังสือเก่า สปร
บนชั้น
  ขอยืม
3. วิทยาศาสตร์การแพทย์ และสุขภาพ
วิทยาศาสตร์การแพทย์ และสุขภาพ
WS200 ส111N ฉ.3 
  Barcode: 038964
ห้องสมุดวิทยาเขตสวรรค์ประชารักษ์
►ส่วนจัดเก็บหนังสือเก่า สปร
บนชั้น
  ขอยืม
4. วิทยาศาสตร์การแพทย์ และสุขภาพ
วิทยาศาสตร์การแพทย์ และสุขภาพ
WS200 ส111N ฉ.4 
  Barcode: 038965
ห้องสมุดวิทยาเขตสวรรค์ประชารักษ์
►ส่วนจัดเก็บหนังสือเก่า สปร
บนชั้น
  ขอยืม
5. วิทยาศาสตร์การแพทย์ และสุขภาพ
วิทยาศาสตร์การแพทย์ และสุขภาพ
WS200 ส111N ฉ.5 
  Barcode: 038966
ห้องสมุดวิทยาเขตสวรรค์ประชารักษ์
►ส่วนจัดเก็บหนังสือเก่า สปร
บนชั้น
  ขอยืม
6. วิทยาศาสตร์การแพทย์ และสุขภาพ
วิทยาศาสตร์การแพทย์ และสุขภาพ
WS200 ส111N ฉ.6 
  Barcode: 038967
ห้องสมุดวิทยาเขตสวรรค์ประชารักษ์
►ส่วนจัดเก็บหนังสือเก่า สปร
บนชั้น
  ขอยืม
7. วิทยาศาสตร์การแพทย์ และสุขภาพ
วิทยาศาสตร์การแพทย์ และสุขภาพ
WS200 ส111N ฉ.7 
  Barcode: 038968
ห้องสมุดวิทยาเขตสวรรค์ประชารักษ์
►ส่วนจัดเก็บหนังสือเก่า สปร
บนชั้น
  ขอยืม

รายการใกล้เคียง
    หัวเรื่อง [เวชพันธุศาสตร์]
    หัวเรื่อง [โรคพันธุกรรม]

BibComment


ยังไม่เคยถูกคอมเมนท์

คอมเมนท์ทรัพยากรรายการนี้
  คอมเมนท์: NATIONAL FORUM O..


 Copyright 2026. Bcnsprnw @Library